000 00638nam a22001577a 4500
008 170308b xxu||||| |||| 00| 0 eng d
082 _22016
_aUT 0682
_bSa58
100 _919099
_aSanoy, Rolyn Rose T.
245 _aManagement Of Accounts Receivable Towards The profitability Glass And Aluminum Supplies in Digos City.
_cRolyn rose T. Sanoy, Ana Marie A. De luna and Glydel R. Canada.
300 _a80 pages;
_b29 cm.
650 0 _919100
_aAccounting
_vAccounting Technology
_xUndergraduate Thesis.
700 _919101
_aSanoy, Rolyn Rose T.
700 _919102
_aDe Luna, Ana Marie A.
700 _919103
_aCanada, Glydel R.
942 _2ddc
_cUT
999 _c6356
_d6356